000 00947nam a22001937a 4500
999 _c61986
_d61986
003 Ge_BSU
005 20240619111453.0
008 240619s1987 ge ||||| |||| 00| 0 geo d
041 _ageo
080 _a616.89-008.441.13 გ-58
100 _aგობრონიძე, ევტიხი
_922488
245 _aალკოჰოლიზმისა და ნევროზების ფსიქოთერაპია /
_cევტიხი გობრონიძე; რედ. ლ. ხარებაშვილი.
264 _aთბ. :
_bსაბჭ. საქართველო,
_c1987.
300 _a67გვ. ;
_b 17სმ.
653 _aალკოჰოლიზმის ფსიქოთერაპია
653 _aნევროზების ფსიქოთერაპია
700 _aხარებაშვილი, ლ.
_eრედაქტორი
_916279
942 _2udc
_cᲬᲘᲒᲜᲘ